Triunfo del catolicismo en la definición dogmática del Augusto misterio de la inmaculada Concepción de la santísima virgen María

Detalles Bibliográficos
Autor principal: GUAL, Pedro
Formato: Libro
Publicado: Barcelona 1862
Materias:
Colección:Banco de datos
Acervo:Biblioteca del Ex Convento de Nuestra Señora de Guadalupe. Zacatecas
Tema general:Mariología
Notas:Buena. IX,2,24(2457). Sin marca de fuego
LEADER 00757nam a22001930004500
035 |a 41571 
036 |a 2755 
100 1 |a GUAL, Pedro 
245 1 0 |a Triunfo del catolicismo en la definición dogmática del Augusto misterio de la inmaculada Concepción de la santísima virgen María 
260 |a Barcelona  |b imp. Pablo Riera  |c 1862 
500 |a Buena. IX,2,24(2457). Sin marca de fuego 
650 1 0 |a Mariología 
949 |a CRZ-CG 
959 |a Ex convento de Nuestra Señora de Guadalupe, Museo Regional de Zacatecas, Zacatecas  |b CCC4 
960 |a Convento de Nuestra Señora de Guadalupe, Zacatecas  |b DD87 
961 |a Franciscana  |b OF 
942 |c CRZ-CG 
943 |g Biblioteca del Ex Convento de Nuestra Señora de Guadalupe. Zacatecas 
999 |c 965698  |d 965698